000
00289nam a2200121Ia 4500
008
191201s2013 xx 000 0 und d
100
_a
BAGCHI, Soumendra Narain
245
0
_a
Performance Management
260
_b
Cengage Learning
_c
2013
300
_a
387
650
_a
MBA
942
_2
ddc
_c
BK
999
_c
6930
_d
6930